000 00786nam a2200229Ia 4500
005 20250622124032.0
008 250617s9999||||xx |||||||||||||| ||ara||
017 _a2025/5309
_bمصر. دار الكتب
020 _a9786339954047
082 0 4 _a"737,4"
_bس ن
100 0 _aسماح صبرى النجار
245 1 0 _aنقود السلاطين العثمانيين /
_cتأليف سماح صبرى النجار
250 _aط1
260 3 _aالقاهرة :
_b"حسن أبو شادى للأبحاث والنشر،"
_c2025.
300 _a381ص :
_bلوحات ؛
_c30سم.
650 _aالعملات
650 _aالعملات التذكارية
650 _aالعملات الذهبية
650 _aالنقود
942 _cBK
999 _c67586
_d67586